{"text_format":"1","workbook":"xlsx","n_sheets":2,"sheets":["Pasiūlymas","Subtiekėjai ir priedai"],"not_rendered":{"charts":0,"images":0,"macros":1,"external_links":0,"defined_names":0,"comments":0,"pivot_tables":0},"unopened":[],"bounds":{"document_bytes":16777216,"sheet_cells":100000,"rows_first":2000,"rows_last":500,"rows_between":2000,"halvings":0,"cell_chars":16384,"cell_head_chars":4096},"cells_cut":0,"cells_raw":0,"read":"whole","date_system":"1900"}

{"sheet":"Pasiūlymas","index":0,"n_rows":110,"n_cols":7,"rows_kept":110,"cut":false,"hidden":false,"merged":[[27,0,27,5],[28,0,28,5],[24,0,24,5],[25,0,25,5],[26,0,26,5],[17,0,17,1],[17,2,17,5],[18,0,18,1],[18,2,18,5],[23,0,23,5],[19,0,19,1],[20,0,20,1],[19,2,19,5],[20,2,20,5],[22,0,22,5],[14,0,14,1],[14,2,14,5],[15,0,15,1],[15,2,15,5],[16,0,16,1],[16,2,16,5],[11,0,11,1],[11,2,11,5],[12,0,12,1],[12,2,12,5],[13,0,13,1],[13,2,13,5]]}
[]
["PIKIMO SĄLYGŲ PRIEDAS \"PASIŪLYMŲ FORMA\""]
[]
["SKALBIMO PASLAUGA"]
[]
["Kam:","Lietuvos kariuomenės Depų tarnyba"]
[]
["Data:","2021 03 09"]
["Nr.:","Lind- 21/03/08A"]
["Vieta:","Kaunas"]
[]
["Tiekėjo pavadinimas / Ūkio subjektų grupės nariai:",null,"UAB LINDO"]
["Tiekėjo kodas (-ai):",null,302752168]
["Tiekėjo adresas (-ai):",null,"V. Krėvės per. 133B, Kaunas"]
["Tiekėjo PVM mokėtojo kodas(-ai):",null,"LT100006868319"]
["Tiekėjo / Ūkio subjektų grupės atsakingo partnerio sąskaitos numeris, banko pavadinimas ir banko kodas (-ai):",null,"AB Šiaulų bankas, LT387180500028467427"]
["Asmens atsakingo už pasiūlymą vardas, pavardė:",null,"Vaiva Vasiliauskienė"]
["Asmens atsakingo už pasiūlymą telefono numeris, el. pašto adresas:"]
["Tiekėjo / Ūkio subjektų grupės, laimėjimo atveju, pasirašančio sutartį asmens vardas, pavardė, pareigos:",null,"Bendrovės vadovė, Vaiva Vasiliauskienė"]
["Tiekėjo / Ūkio subjektų grupės, laimėjimo atvjeu, už sutarties vykdymą atsakingo asmens vardas, pavardė, telefono numeris, elektroninio pašto adresas:"]
[]
[]
["Tiekėjo patvirtinimai:"]
["1. Šiuo pasiūlymu pažymime, kad sutinkame su visomi pirkimo sąlygomis, nustatytomis:"]
["1.1. viešojo pirkimo dokumentuose"]
["1.2. kituose pirkimo dokumentuose (jų paaiškinimuose, papildymuose)."]
["2. Patvirtiname, kad informacija ir duomenys, pateikti pasiūlyme, yra teisingi ir apima viską, ko reikia tinkamam sutarties įvykdymui"]
["3. Patvirtiname, kad jei pasiūlyme nenurodyti kolegialaus priežiūros/valdymo organų nariai, šie organai juridiniuose asmenyse nėra sudaryti (taikoma, kai pirkimo dokumentuose nustatyti pašalinimo pagrindai)."]
["4. Pasiūlymas galioja iki termino, nustatyto pirkimo dokumentuose."]
[]
[]
["1. DALIS","VILNIAUS REGIONAS"]
[]
["Tiekėjo pasiūlymas:"]
["Nr.","Pavadinimas","Kiekis","Mato vienetas","Įkainis be PVM, Eur","Suma be PVM, Eur"]
["1.","Vilniaus regionas"]
["1.1.","Patalynė ir asmens higienos skalbiniai",72900,"kg",null,{"$f":"IF(ISBLANK(E37),\"\", PRODUCT(C37,E37))","v":""}]
["1.2.","Lovos skalbiniai, vėliavos, užuolaidos, staltiesės, pledai ir panašūs gaminiai",2556,"vnt.",null,{"$f":"IF(ISBLANK(E38),\"\", PRODUCT(C38,E38))","v":""}]
["1.3.","Drabužiai ir kt. skalbiniai bei medicinos personalo apranga",900,"kg",null,{"$f":"IF(ISBLANK(E39),\"\", PRODUCT(C39,E39))","v":""}]
[null,null,null,null,"Suma be PVM",{"$f":"IF((SUMPRODUCT(--(F37:F39=\"\"))>0), \"\", SUM(F37:F39))","v":""},{"$f":"IF((SUMPRODUCT(--(F37:F39=\"\"))>0), \"Neužpildytos visų objektų kainos\", \"\")","v":"Neužpildytos visų objektų kainos"}]
[null,null,null,null,"PVM suma"]
[null,null,null,null,"Suma su PVM",{"$f":"IF(ISBLANK(F41), \"\", SUM(F40:F41))","v":""}]
[]
[]
[]
["2. DALIS","KAUNO REGIONAS"]
[]
["Tiekėjo pasiūlymas:"]
["Nr.","Pavadinimas","Kiekis","Mato vienetas","Įkainis be PVM, Eur","Suma be PVM, Eur"]
["2.","Kauno regionas"]
["2.1.","Patalynė ir asmens higienos skalbiniai",79560,"kg",0.44,{"$f":"IF(ISBLANK(E51),\"\", PRODUCT(C51,E51))","v":35006.400000000001}]
["2.2.","Lovų skalbiniai,vėliavos,užuolaidos, staltiesės,pledai ir panašūs gaminiai",3312,"vnt.",0.79,{"$f":"IF(ISBLANK(E52),\"\", PRODUCT(C52,E52))","v":2616.48}]
["2.3.","Drabužiai ir kt. skalbiniai bei medicinos personalo apranga",3024,"kg",0.79,{"$f":"IF(ISBLANK(E53),\"\", PRODUCT(C53,E53))","v":2388.96}]
[null,null,null,null,"Suma be PVM",{"$f":"IF((SUMPRODUCT(--(F51:F53=\"\"))>0), \"\", SUM(F51:F53))","v":40011.840000000004},{"$f":"IF((SUMPRODUCT(--(F51:F53=\"\"))>0), \"Neužpildytos visų objektų kainos\", \"\")","v":""}]
[null,null,null,null,"PVM suma",8402.48]
[null,null,null,null,"Suma su PVM",{"$f":"IF(ISBLANK(F55), \"\", SUM(F54:F55))","v":48414.320000000007}]
[]
[]
[]
["3. DALIS","ALYTAUS REGIONAS"]
[]
["Tiekėjo pasiūlymas:"]
["Nr.","Pavadinimas","Kiekis","Mato vienetas","Įkainis be PVM, Eur","Suma be PVM, Eur"]
["3.","Alytaus regionas"]
["3.1.","Patalynė ir asmens higienos skalbiniai",31500,"kg",0.44,{"$f":"IF(ISBLANK(E65),\"\", PRODUCT(C65,E65))","v":13860}]
["3.2.","Lovų skalbiniai,vėliavos,užuolaidos, staltiesės, pledai ir panašūs gaminiai",900,"vnt.",0.79,{"$f":"IF(ISBLANK(E66),\"\", PRODUCT(C66,E66))","v":711}]
["3.3.","Drabužiai ir kt. skalbiniai bei medicinos personalo apranga",324,"kg",0.79,{"$f":"IF(ISBLANK(E67),\"\", PRODUCT(C67,E67))","v":255.96}]
[null,null,null,null,"Suma be PVM",{"$f":"IF((SUMPRODUCT(--(F65:F67=\"\"))>0), \"\", SUM(F65:F67))","v":14826.96},{"$f":"IF((SUMPRODUCT(--(F65:F67=\"\"))>0), \"Neužpildytos visų objektų kainos\", \"\")","v":""}]
[null,null,null,null,"PVM suma",3113.66]
[null,null,null,null,"Suma su PVM",{"$f":"IF(ISBLANK(F69), \"\", SUM(F68:F69))","v":17940.62}]
[]
[]
[]
["4. DALIS","MARIJAMPOLĖS REGIONAS"]
[]
["Tiekėjo pasiūlymas:"]
["Nr.","Pavadinimas","Kiekis","Mato vienetas","Įkainis be PVM, Eur","Suma be PVM, Eur"]
["4.","Marijampolės regionas"]
["4.1.","Patalynė ir asmens higienos skalbiniai",54000,"kg",0.44,{"$f":"IF(ISBLANK(E79),\"\", PRODUCT(C79,E79))","v":23760}]
["4.2.","Lovų skalbiniai, vėliavos,užuolaidos, staltiesės, pledai ir panašūs gaminiai",4212,"vnt.",0.79,{"$f":"IF(ISBLANK(E80),\"\", PRODUCT(C80,E80))","v":3327.48}]
["4.3.","Drabužiai ir kt. skalbiniai bei medicinos personalo apranga",1512,"kg",0.79,{"$f":"IF(ISBLANK(E81),\"\", PRODUCT(C81,E81))","v":1194.48}]
[null,null,null,null,"Suma be PVM",{"$f":"IF((SUMPRODUCT(--(F79:F81=\"\"))>0), \"\", SUM(F79:F81))","v":28281.96},{"$f":"IF((SUMPRODUCT(--(F79:F81=\"\"))>0), \"Neužpildytos visų objektų kainos\", \"\")","v":""}]
[null,null,null,null,"PVM suma",5939.21]
[null,null,null,null,"Suma su PVM",{"$f":"IF(ISBLANK(F83), \"\", SUM(F82:F83))","v":34221.17}]
[]
[]
[]
["5. DALIS","KLAIPĖDOS REGIONAS"]
[]
["Tiekėjo pasiūlymas:"]
["Nr.","Pavadinimas","Kiekis","Mato vienetas","Įkainis be PVM, Eur","Suma be PVM, Eur"]
["5.","Klaipėdos regionas"]
["5.1.","Patalynė ir asmens higienos skalbiniai",105012,"kg",null,{"$f":"IF(ISBLANK(E93),\"\", PRODUCT(C93,E93))","v":""}]
["5.2.","Lovų skalbiniai, vėliavos, užuolaidos, staltiesės. pledai ir panašūs gaminiai",3312,"vnt.",null,{"$f":"IF(ISBLANK(E94),\"\", PRODUCT(C94,E94))","v":""}]
["5.3.","Drabužiai ir kt. skalbiniai bei medicinos personalo apranga",12600,"kg",null,{"$f":"IF(ISBLANK(E95),\"\", PRODUCT(C95,E95))","v":""}]
[null,null,null,null,"Suma be PVM",{"$f":"IF((SUMPRODUCT(--(F93:F95=\"\"))>0), \"\", SUM(F93:F95))","v":""},{"$f":"IF((SUMPRODUCT(--(F93:F95=\"\"))>0), \"Neužpildytos visų objektų kainos\", \"\")","v":"Neužpildytos visų objektų kainos"}]
[null,null,null,null,"PVM suma"]
[null,null,null,null,"Suma su PVM",{"$f":"IF(ISBLANK(F97), \"\", SUM(F96:F97))","v":""}]
[]
[]
[]
["6. DALIS","RUKLOS REGIONAS"]
[]
["Tiekėjo pasiūlymas:"]
["Nr.","Pavadinimas","Kiekis","Mato vienetas","Įkainis be PVM, Eur","Suma be PVM, Eur"]
["6.","Ruklos regionas"]
["6.1.","Drabužiai ir asmens higienos skalbiniai individualiuose maišeliuose",90000,"kg",0.9,{"$f":"IF(ISBLANK(E107),\"\", PRODUCT(C107,E107))","v":81000}]
[null,null,null,null,"Suma be PVM",{"$f":"IF(F107=\"\",\"\",SUM(F107:F107))","v":81000},{"$f":"IF(F107=\"\",\"Neužpildytos visos objektų kainos\",\"\")","v":""}]
[null,null,null,null,"PVM suma",17010]
[null,null,null,null,"Suma su PVM",{"$f":"IF(ISBLANK(F109), \"\", SUM(F108:F109))","v":98010}]

{"sheet":"Subtiekėjai ir priedai","index":1,"n_rows":100,"n_cols":11,"rows_kept":100,"cut":false,"hidden":false,"merged":[[23,0,23,1],[22,0,22,1],[21,0,21,1],[20,0,20,1],[19,0,19,1],[28,0,28,1],[27,0,27,1],[26,0,26,1],[25,0,25,1],[24,0,24,1],[23,2,23,4],[22,2,22,4],[21,2,21,4],[20,2,20,4],[19,2,19,4],[28,2,28,4],[27,2,27,4],[26,2,26,4],[25,2,25,4],[24,2,24,4],[23,5,23,7],[22,5,22,7],[21,5,21,7],[20,5,20,7],[19,5,19,7],[28,5,28,7],[27,5,27,7],[26,5,26,7],[25,5,25,7],[24,5,24,7],[23,8,23,9],[22,8,22,9],[21,8,21,9],[20,8,20,9],[19,8,19,9],[28,8,28,9],[27,8,27,9],[26,8,26,9],[25,8,25,9],[24,8,24,9],[16,0,16,10],[18,8,18,9],[18,5,18,7],[18,2,18,4],[18,0,18,1],[13,0,13,1],[12,0,12,1],[11,0,11,1],[10,0,10,1],[13,8,13,9],[12,8,12,9],[11,8,11,9],[10,8,10,9],[4,0,4,1],[5,5,5,7],[5,0,5,1],[9,0,9,1],[13,2,13,4],[12,2,12,4],[11,2,11,4],[10,2,10,4],[9,2,9,4],[13,5,13,7],[12,5,12,7],[11,5,11,7],[10,5,10,7],[9,5,9,7],[1,0,2,10],[30,0,30,9],[14,5,14,7],[8,5,8,7],[7,5,7,7],[6,5,6,7],[14,8,14,9],[8,8,8,9],[7,8,7,9],[6,8,6,9],[14,0,14,1],[8,0,8,1],[7,0,7,1],[6,0,6,1],[14,2,14,4],[8,2,8,4],[7,2,7,4],[9,8,9,9],[6,2,6,4],[5,2,5,4],[5,8,5,9],[4,8,4,9],[4,5,4,7],[4,2,4,4],[32,0,32,9],[34,7,34,9],[34,1,34,6],[45,7,45,9],[42,7,42,9],[37,7,37,9],[36,7,36,9],[35,7,35,9],[44,7,44,9],[43,7,43,9],[41,7,41,9],[40,7,40,9],[39,7,39,9],[38,7,38,9],[45,1,45,6],[44,1,44,6],[47,0,47,9],[52,4,52,9],[50,4,50,9],[52,0,52,3],[50,0,50,3],[38,1,38,6],[37,1,37,6],[36,1,36,6],[35,1,35,6],[43,1,43,6],[42,1,42,6],[41,1,41,6],[40,1,40,6],[39,1,39,6]]}
[]
["Ūkio subjektai (įskaitant kvazisubtiekėjus - fiziniai asmenys, kuriuos ketinama įdarbinti pirkimo laimėjimo atveju), kurių pajėgumais tiekėjas remiasi, kad atitiktų keliamus kvalifikacijos reikalavimus:"]
[]
[]
["Pavadinimas*",null,"Kodas, adresas",null,null,"Perduodama veikla",null,null,"Perduodamos veiklos dalis nuo visos pirkimo sutarties (Eur arba %)",null,"Kval. Reikalavimo Nr."]
[]
[]
[]
[]
[]
[]
[]
[]
[]
[]
[]
["Subtiekėjams / subteikėjams / subrangovams numatomos perduoti veiklos (privaloma nurodyti) ir šių ūkio subjektų pavadinimai (jei žinomi):"]
[]
["Pavadinimas",null,"Kodas, adresas",null,null,"Perduodama veikla*",null,null,"Perduodamos veiklos dalis nuo visos pirkimo sutarties (Eur arba %)"]
[]
[]
[]
[]
[]
[]
[]
[]
[]
[]
[]
["* Pildyti tuomet, jei pirkimo sutarties vykdymui bus pasitelkti subtiekėjai. Jeigu tiekėjas nenurodo subtiekėjų, laikoma, kad vykdant pirkimo sutartį jų nebus pasitelkiama."]
[]
["Kartu su pasiūlymu pateikiami šie dokumentai:"]
[]
["Nr.","Dokumento  pavadinimas",null,null,null,null,null,"Dokumentas yra konfidencialus? Taip/Ne"]
["1","Jungtinės veiklos kopija (jei taikoma)"]
["2","Europos bendrasis viešųjų prikimų dokumentas"]
["3","Subtiekimo sutartis, ketinimų protokolas, preliminarios sutartys ar kiti dokumentai, patvirtinantys, kad laimėjus pirkimą tiekėjui bus prieinami kitų ūkio subjektų ištekliai (jei pasitelkiami kvalifikacijos atitikimui)"]
["4","Pasiūlymo galiojimo užtikrinimas"]
[]
[]
[]
[]
[]
[]
[]
[]
["Pasiūlyme nurodyta Prekės kaina, išskyrus jos sudedamąsias dalis, subtiekėjai, taip pat kita informacija, kuri teisės aktų nustatyta tvarka turi būti skelbiama arba kitokiu būdu viešai prieinama visuomenei, nėra laikoma konfidencialia informacija. Konfidencialią informaciją sudaro, visų pirma, komercinė (gamybinė) paslaptis ir konfidencialieji pasiūlymų aspektai. Informacija, kurią viešai skelbti įpareigoja Lietuvos Respublikos įstatymai, negali būti tiekėjo nurodoma kaip konfidenciali, todėl, tiekėjui nurodžius tokią informaciją kaip konfidencialią, perkančioji organizacija turi teisę ją skelbti. Jei tiekėjas nenurodo konfidencialios informacijos, laikoma, kad konfidencialios informacijos tiekėjo pasiūlyme nėra. Vadovaujantis Informacijos viešinimo Centrinėje viešųjų pirkimų informacinėje sistemoje tvarkos aprašu, patvirtintu Viešųjų pirkimų tarnybos direktoriaus 2017 m. birželio 19 d. įsakymu Nr. 1S-91 „Dėl Informacijos viešinimo Centrinėje viešųjų pirkimų informacinėje sistemoje tvarkos aprašo patvirtinimo“, perkančioji organizacija laimėjusio dalyvio pasiūlymą, išskyrus informaciją, kurią tiekėjas nurodė kaip konfidencialią, paskelbs CVP IS."]
[]
[]
["Tiekėjo arba jo įgalioto asmens pareigų pavadinimas:"]
[]
["Pasirašančio asmens vardas ir pavardė:"]
[]
[]
[]
[]
[]
[]
[]
[]
[]
[]
[]
[]
[]
[]
[]
[]
[]
[]
[]
[]
[]
[]
[]
[]
[]
[]
[]
[]
[]
[]
[]
[]
[]
[]
[]
[]
[]
[]
[]
[]
[]
[]
[]
[]
[]
[]
["966 2021-02-19 09:11:31"]